| 000 | 00832nam a2200289Ia 4500 | ||
|---|---|---|---|
| 008 | 170203s9999 xx 000 0 und d | ||
| 020 | _a8188370738 | ||
| 050 | _a909 | ||
| 050 | _bT157 | ||
| 100 | _aTames, Richard. | ||
| 245 | _aAncient world / | ||
| 245 | _cwritten by Richard Tames ; illustrated by Ed Org [and others]. | ||
| 260 | _aNew Delhi : | ||
| 260 | _bYoung Learner Publication. | ||
| 300 | _a32 pages : | ||
| 300 | _billustrations (some color) ; | ||
| 300 | _c29 cm. | ||
| 300 | _e1 CD-ROM. | ||
| 440 | _aKnowledge masters. | ||
| 500 | _aIncludes index; Internet linked--cover, | ||
| 650 | _aCivilization, Ancient -- | ||
| 650 | _aCivilization, Ancient. | ||
| 650 | _aHistory, Ancient -- | ||
| 650 | _aHistory, Ancient. | ||
| 650 | _xJuvenile literature. | ||
| 650 | _xJuvenile literature. | ||
| 999 |
_c305744 _d305744 |
||